| 000 | 00466nam a2200181 4500 | ||
|---|---|---|---|
| 003 | URS | ||
| 005 | 20220114162424.0 | ||
| 008 | 020101b xxu||||| |||| 00| 0 eng d | ||
| 020 | _a9789719905905 | ||
| 040 | _cddl | ||
| 041 | 0 | _aeng | |
| 042 | _aDMLUC | ||
| 050 | 0 | 0 |
_aPS 9992 _bP47 2015 |
| 100 | 1 |
_aPerez, Rodolfo C., _eauthor. |
|
| 245 | 1 | 0 |
_aGems : _breadings in Philippine literature / _cRodolfo C. Perez. |
| 300 |
_axii, 226 pages ; _c25 cm |
||
| 942 |
_2ddc _cF |
||
| 999 |
_c12349 _d12349 |
||